000 00559nam a22002297a 4500
003 UA-OsUOA
001 95420
007 ta
008 20130227b un ||||| |||| 00| 0 ukr d
100 _aЕлюар П.
090 _a821.133.1
_bЕ53
942 _cBK
040 _aUA-OsUOA
_bukr
_cUA-OsUOA
_dUA-OsUOA
245 _aПоезії
300 _a261 с.
955 _a3
041 _aukr
080 _a821.133.1
260 _aК.
_bДніпро
_c1975
650 7 _a82 Література. Літературознавство
_2UDC
999 _c381671
_d381671